000 01892nas a2200277Ia 4500
001 R053-S7913
003 IT-CnALBA
008 170116c99999999xx |||||||||||| ||und||
040 _aIT-CnALBA
_cIT-CnALBA
041 _aITALIANO
100 _aANDREATTA STEFANO
210 _aJESUS
222 _aJESUS
245 0 _aJESUS. CULTURA E ATTUALITÀ CRISTIANA. NOVEMBRE 1990. UNA CHIESA NEL CUORE DEL PAPA, AFRICA.
250 _a1a ed.
260 _aCINISELLO BALSAMO (MI)
_bPERIODICI SAN PAOLO ED.
_c1990 [1° Ed.:1990 - Ed.Ling.Originale: 1990]
300 _a114 p.
310 _aMENSILE
362 _aFascicolo: 11 / Anno: 12 (1990)
500 _aNAPOLI, SCELTA DEGLI ULTIMI. PRETI E OPERAI AL CAPOLINEA? LE TENTAZIONI DELLA CHIESA. CORRISPONDENZA CON E TRA I LETTORI. L'OPINIONE, MONTICONE A. MONDO CRISTIANO. LAVVENIMENTO, GIUSEPPE DE ROSA. PROVOCAZIONE E RISPOSTA, CHIUSANO A. BIBBIA A CONFRONTO. I OASI CENTRI A. ARTE E FEDE, TARZIA A. RAVASI GF. MORALE E COSCIENZA, SPINSANTI S. RECENSIONI, COMUIZZI A. PER UN SORRISO, GAVIDI G. PRETI SANTI PER UN SUD DIVERSO. IL CASO CRISTO. SEGRETO DI FATIMA. AMERICA LATINA, PROBLEMATICA. SUORE RUSSE E CATTOLICHE.
501 _aSocietà San Paolo EM - Piazza San Paolo, 14 - 12051 ALBA (CN) (non commercial uses only) ® Copyright 2017
520 _aNAPOLI, SCELTA DEGLI ULTIMI. PRETI E OPERAI AL CAPOLINEA? LE TENTAZIONI DELLA CHIESA. CORRISPONDENZA CON E TRA I LETTORI. L'OPINIONE, MONTICONE A. MONDO CRISTIANO. LAVVENIMENTO, GIUSEPPE DE ROSA. PROVOCAZIONE E RISPOSTA, CHIUSANO A. BIBBIA A CONFRONTO. I OASI CENTRI A. ARTE E FEDE, TARZIA A. RAVASI GF. MORALE E COSCIENZA, SPINSANTI S. RECENSIONI, COMUIZZI A. PER UN SORRISO, GAVIDI G. PRETI SANTI PER UN SUD DIVERSO. IL CASO CRISTO. SEGRETO DI FATIMA. AMERICA LATINA, PROBLEMATICA. SUORE RUSSE E CATTOLICHE.
650 _aSCIENZE UMANE E RELIGIOSE
942 _cCR
957 _71
999 _a77472
_bNO
_g1
_c335458
_d335458